000 005930000a22002050004500
003 LK-CoMWRAF
005 20231020120533.0
008 230817t1994 ||||| |||| 00| 0 eng d
020 _a063259818
040 _aLK-CoMWRAF
_dLK-CoMWRAF
_eLK-CoMWRAF
041 _aeng
082 _a746.92
_bMAK
100 _aMcKelvey, Kathryn
245 _aFashion Source Book
260 _aNew Delhi:
_bOm book service,
_c1994
300 _aiv, 266 p. : ill. ; 25 cm.
_bBibliography, index and glossary included
650 _aFASHION DRAWING
650 _aFashion drawing -- Pictorial works;
942 _cBK
999 _c2178
_d2178